000 00940cam a2200325 a 4500
001 3965
003 FISKH
005 20240528142017.0
008 071119s2008 flua b 000 1 eng
010 _a 2007042341
020 _a9780152065775 (hardcover)
020 _a9780152065874
040 _aDLC
_cDLC
_dDLC
_beng
042 _alcac
050 1 0 _aPZ7.K28132
_bVan 2008
082 0 0 _a[E]
_222
100 1 _aKeller, Holly.
245 1 4 _aThe van /
_cHolly Keller.
260 _aOrlando :
_bGreen Light Readers,
_c2008.
300 _a24 unnumbered pages :
_bcolor illustrations ;
_c23 cm
490 0 _aGreen Light readers
505 _aF
520 _aA family runs into difficulty when preparing for a trip in their van.
521 8 _a350
_bLexile estimate
521 8 _aF
_bRaz-Plus
650 1 _aVans
_vFiction.
906 _a7
_bcbc
_corignew
_d1
_eecip
_f20
_gy-gencatlg
942 _2ddc
_cBK
_n0
999 _c3965
_d3965